Ageing and stabilisation of paper

Na minha lista:
Detalhes bibliográficos
Autor principal: Strlič, Matija
Outros Autores: Kolar, Jana
Formato: Livro
Idioma:inglês
Publicado em: Ljubljana National and University Library 2005
Edição:1.edition
Assuntos:
Acesso em linha:View in OPAC
Tags: Adicionar Tag
Sem tags, seja o primeiro a adicionar uma tag!

MARC

LEADER 00000nam a2200000 a 4500
005 20260127134112.0
008 050809 2005 xv 000 0 eng d
020 |a 9616551035 
035 |a vtls008293651 
039 9 |y 200508091020  |z mschk03 
040 |a STUSCHK1  |b slo  |c STUSCHK1  |e AACR2 
080 |a 676.017 
100 1 |a Strlič, Matija 
245 1 |a Ageing and stabilisation of paper 
250 |a 1.edition 
260 |a Ljubljana  |b National and University Library  |c 2005 
300 |a 211 s. 
650 0 |a Paper and durability 
700 1 |a Kolar, Jana 
910 |a SCHK95 
919 |a 961-6551-03-5 
999 |c 4106  |d 4106